000 00778nam a22002417a 4500
999 _c1113
_d1113
001 19172
003 BD-DhUAP
005 20200203094717.0
008 200203s2015 ii ||||| b||| 001 0 eng d
020 _a9780199457618
020 _a0199457611
040 _aBD-DhUAP
_bEng
_cBD-DhUAP
_dBD-DhUAP
082 _223
_a348.54 SER
100 _aSerajuddin, Alamgir Muhammad.
245 _aCases on Muslim law of India, Pakistan, and Bangladesh /
_cAlamgir Muhammad Serajuddin.
260 _aNew Delhi :
_bOxford University Press,
_cc2015.
300 _axxxix, 490 pages ;
_c23 cm.
504 _aIncludes bibliography and index.
650 _aIslamic law
_v Cases
_zIndia.
650 _aIslamic law
_vCases
_zPakistan.
650 _aIslamic law
_xCases
_zBangladesh.
942 _2ddc
_cBK